000 00407nam a2200157Ia 4500
008 230711s9999||||xx |||||||||||||| ||und||
041 _aENG
082 _a624
_bWO-G
100 _aWorld Health Organisation
245 0 _aGuidelines for drinking water quality
250 _a1st
260 _c1985
_aNew Delhi
_bWorld Health Organisation Geneva
300 _a121
650 _aCivil Engineering
942 _cBK
999 _c2077
_d2077